Toefl junior listening : New oriental education & technology group
Contents: Question types; talks and announcements; converations; academic talks and discussions; practice tests; scripts.
সংরক্ষণ করুন:
| বিন্যাস: | গ্রন্থ |
|---|---|
| ভাষা: | Undetermined |
| প্রকাশিত: |
Thành phố Hồ Chí Minh
Tổng hợp Thành phố Hồ Chí Minh
2014
|
| বিষয়গুলি: | |
| ট্যাগগুলো: |
ট্যাগ যুক্ত করুন
কোনো ট্যাগ নেই, প্রথমজন হিসাবে ট্যাগ করুন!
|
| Thư viện lưu trữ: | Trung tâm Học liệu Trường Đại học Cần Thơ |
|---|
| LEADER | 00828nam a2200205Ia 4500 | ||
|---|---|---|---|
| 001 | CTU_196832 | ||
| 008 | 210402s9999 xx 000 0 und d | ||
| 020 | |c 158000 | ||
| 082 | |a 428.0076 | ||
| 082 | |b T641 | ||
| 245 | 0 | |a Toefl junior listening : | |
| 245 | 0 | |b New oriental education & technology group | |
| 245 | 0 | |c Nguyễn Thị Thanh Hương chịu trách nhiệm xuất bản | |
| 260 | |a Thành phố Hồ Chí Minh | ||
| 260 | |b Tổng hợp Thành phố Hồ Chí Minh | ||
| 260 | |c 2014 | ||
| 520 | |a Contents: Question types; talks and announcements; converations; academic talks and discussions; practice tests; scripts. | ||
| 650 | |a English language,English language,Anh ngữ | ||
| 650 | |x Examinations,Listening,Kỳ thi | ||
| 980 | |a Trung tâm Học liệu Trường Đại học Cần Thơ | ||